000 00349nam a2200133Ia 4500
005 20250729165806.0
008 250729s2012 xx 000 0 und d
041 _aeng
082 _a560 BOSB
100 _aBosco SS
_9233125
245 _aBoscoss Bridge course for PCMB
260 _aMangalore
_bBoscoss Publication
_c2012
650 _aScience
_9233126
999 _c240125
_d240125